Pseudepigraphic writings /
The biography and personality of the \'Father of Medicine\' were known to the world through these important, but little studied letters and speeches. W.D. Smith here presents them newly edited from the most important manuscripts, with a facing English translation, and offers an introductio...
المؤلف الرئيسي:
مؤلفون آخرون:
التنسيق: كتاب الكتروني
اللغة:
English
Ancient Greek
منشور في:
Leiden ; New York :
E.J. Brill,
1990.
سلاسل:
Studies in Ancient Medicine
2.
Studies in Ancient Medicine Online, ISBN: 9789004380813.
الموضوعات:
الوصول للمادة أونلاين: Login to view Source
الوسوم: إضافة وسم
رقم الطلب: R126.H7 A1 1990
| LEADER | 03031cam a2200577Ii 4500 | ||
|---|---|---|---|
| 001 | BRILL9789004377202 | ||
| 003 | nllekb | ||
| 005 | 20230529212418.0 | ||
| 006 | m d | ||
| 007 | cr un uuuua | ||
| 008 | 900709s1990 ne a sb 001 0 eng d | ||
| 010 | |a 90042993 | ||
| 020 | |a 9789004377202 |q (electronic book) | ||
| 020 | |z 9789004092907 |q (print) | ||
| 024 | 7 | |a 10.1163/9789004377202 |2 DOI | |
| 035 | |a (OCoLC)22181047 |z (OCoLC)24144154 | ||
| 040 | |a NL-LeKB |c NL-LeKB |e rda | ||
| 041 | 1 | |a eng |h grc | |
| 043 | |a e-gr--- | ||
| 050 | 4 | |a R126.H7 |b A1 1990 | |
| 072 | 7 | |a HBLA1 |2 bicssc | |
| 072 | 7 | |a HIS039000 |2 bisacsh | |
| 082 | 0 | 4 | |a 610/.938 |2 20 |
| 100 | 0 | |a Hippocrates. | |
| 240 | 1 | 0 | |a Works. |k Selections. |l English & Greek. |f 1990 |
| 245 | 1 | 0 | |a Pseudepigraphic writings / |c Hippocrates ; edited and translated with an introduction by Wesley D. Smith. |
| 264 | 1 | |a Leiden ; |a New York : |b E.J. Brill, |c 1990. | |
| 300 | |a 1 online resource (133 pages) : |b illustrations. | ||
| 336 | |a text |b txt |2 rdacontent | ||
| 337 | |a computer |b c |2 rdamedia | ||
| 338 | |a online resource |2 rdacarrier | ||
| 490 | 1 | |a Studies in ancient medicine ; |v v. 2 | |
| 504 | |a Includes bibliographical references (p. 127-130) and index. | ||
| 505 | 0 | 0 | |a Preliminary Material -- Introduction -- EΠIΣTOΛAI ΠPEΣBEYTIKOΣ ΣΠIBΩMIOΣ ΔOΓMA -- Bibliography -- Index. |
| 506 | |a Available to subscribing member institutions only. | ||
| 520 | |a The biography and personality of the \'Father of Medicine\' were known to the world through these important, but little studied letters and speeches. W.D. Smith here presents them newly edited from the most important manuscripts, with a facing English translation, and offers an introduction that gives a literary analysis and places them in relation to ancient history and ancient medical science. The speeches appear to be early (III B.C.) propaganda for the Island Cos, whose presence in the Library at Alexandria contributed to the characterization of the Hippocratic Corpus, while the Democritus Letters belong to the Roman period, after the firm establishment of Hippocrates' reputation. | ||
| 559 | 4 | |a R126.H7 A1 1990 | |
| 600 | 0 | 0 | |a Hippocrates |x Spurious and doubtful works. |
| 600 | 0 | 7 | |a Hippocrates. |2 fast |
| 650 | 0 | |a Medicine, Greek and Roman. | |
| 650 | 7 | |a Medicine, Greek and Roman. |2 fast | |
| 655 | 7 | |a Spurious and doubtful works. |2 fast | |
| 700 | 1 | |a Smith, Wesley D., |d 1930- | |
| 740 | 0 | |a Hippocrates, pseudepigraphic writings. | |
| 776 | 0 | 8 | |i Print version: |t Pseudepigraphic Writings: Letters - Embassy - Speech from the Altar - Decree |d Leiden, Boston : BRILL, 1990, |z 9789004092907 |
| 830 | 0 | |a Studies in Ancient Medicine |v 2. | |
| 830 | 0 | |a Studies in Ancient Medicine Online, ISBN: 9789004380813. | |
| 856 | 4 | |z DOI: |u http://dx.doi.org/10.1163/9789004377202 | |
| 942 | |2 lcc |c EBOOK | ||
| 952 | |0 0 |1 0 |2 lcc |4 0 |6 R0126 H7 A1 01990 |7 1 |9 48799 |a BRILL |b BRILL |d 2023-05-29 |l 0 |o R126.H7 A1 1990 |r 2023-05-29 00:00:00 |w 2023-05-29 |y EBOOK | ||
| 999 | |c 54143 |d 54143 | ||
